F1 quiz - Statistics

General Stats
  • This quiz has been taken 605 times
  • The average score is 11 of 12
Answer Stats
Question Answer % Correct
Who is a Spanish driver? Carlos Sainz
98%
Who isn't a driver? Jonh Axel
97%
Where's Lewis hamilton from? UK
96%
What's not some kind of tire? Ultrahard
95%
Who was norris's partner in 2020? Carlos Sainz
94%
What's not the name of a team? Tesla
94%
Where's not a circuit? Norway
92%
Where is the Barcelona circuit? In Spain
91%
Where's the DRS? In the back of the car
88%
Who drove the Williams in 2020? Russel and Latifi
88%
What car hasn't Sebastian Vettel driven? Renault
86%
Which one has a different engine? Mclaren
68%
No matching quizzes found
Score Distribution
Percent of People with Each Score
Percentile by Number Answered
Your Score History
You have not taken this quiz